Zóna bývania a vybavenosti v mestskej časti Krasny Dvor, Brest, Bielorusko

Uložené v:
Podrobná bibliografia
Hlavný autor: Martvoň, Matej (Autor)
Ďalší autori: Húsenicová, Jarmila (Vedúci práce)
Médium: Rukopis Kniha
Jazyk:Slovak
Vydavateľské údaje: 2016
Predmet:
On-line prístup:http://is.stuba.sk/zp/portal_zp.pl?podrobnosti=126658
https://opac.crzp.sk/?fn=detailBiblioForm&sid=F2FAE62FE51E8196D4A2782DB6AB
Tagy: Pridať tag
Žiadne tagy, Buďte prvý, kto otaguje tento záznam!

MARC

LEADER 00000ntm a22000003a 4500
001 stuzp57132
003 SK-STU
005 20230929112613.5
007 ta
008 150427s2015----xo-----f-mn---000-0-slo-d
040 |a STU  |b slo 
041 0 |a slo 
100 1 |a Martvoň, Matej  |u 010310  |4 aut  |U SvF Stavebná fakulta  |T SvF Katedra architektúry  |X 7665  |U V181|V310  |Y 19  |7 7665 
242 0 1 |a Urban design of Brest city district Krasny dvor  |y eng 
245 1 0 |a Zóna bývania a vybavenosti v mestskej časti Krasny Dvor, Brest, Bielorusko 
260 |c 2016 
650 4 |a architektonická štúdia  |2 slo 
650 4 |a urbanizmus  |2 slo 
650 4 |a územné plánovanie  |2 slo 
650 4 |a urbanism  |2 eng 
650 4 |a urban planning  |2 eng 
650 4 |a architectural study  |2 eng 
700 1 |a Húsenicová, Jarmila  |u 010310  |k Z1  |4 ths  |U SvF Stavebná fakulta  |T SvF Katedra architektúry  |X 901  |U V181|V310  |Y 19  |7 A000000901 
856 4 |u http://is.stuba.sk/zp/portal_zp.pl?podrobnosti=126658 
856 4 |u https://opac.crzp.sk/?fn=detailBiblioForm&sid=F2FAE62FE51E8196D4A2782DB6AB 
SQL |a stuzp57132  |b DDP  |c SLO  |d Zóna bývania a vybavenosti v mestskej časti Krasny Dvor, Brest, Bielorusko  |e 7665  |f Martvoň, Matej  |g 010310  |h 901  |i Húsenicová, Jarmila  |j 20160616  |k 19  |l 01  |m http://is.stuba.sk/zp/portal_zp.pl?podrobnosti=126658  |n I-PSA  |o 5.1.4. pozemné stavby, 5.1.1. architektúra a urbanizmus